Online
Catalog

Premio de ensayo Pedro Francisco Bonó / (Record no. 43015)

MARC details
000 -CABECERA
campo de control de longitud fija 01766nam a2200349 a 4500
001 - NÚMERO DE CONTROL
campo de control 000043526
003 - IDENTIFICADOR DEL NÚMERO DE CONTROL
campo de control OSt
005 - FECHA Y HORA DE LA ÚLTIMA TRANSACCIÓN
campo de control 20260428073714.0
008 - DATOS DE LONGITUD FIJA--INFORMACIÓN GENERAL
campo de control de longitud fija 140324s2009 dr 000 e spa d
020 ## - NÚMERO INTERNACIONAL ESTÁNDAR DEL LIBRO
Número Internacional Estándar del Libro 9789945412321
040 ## - FUENTE DE LA CATALOGACIÓN
Centro catalogador/agencia de origen DO-SdBNP
Lengua de catalogación spa
Centro/agencia transcriptor BNPHU
082 #4 - NÚMERO DE LA CLASIFICACIÓN DECIMAL DEWEY
Número de clasificación RD864.44
Número de documento/Ítem P925p, 2008
Número de edición 22
111 2# - ENTRADA PRINCIPAL--NOMBRE DE CONGRESO/REUNIÓN
Nombre de congreso/reunión o jurisdicción como elemento de entrada Premios Funglode /GFDD Ensayo
Fecha del congreso/reunión (2008 :
Sede del congreso/Lugar de la reunión Santo Domingo )
9 (RLIN) 71272
245 10 - MENCIÓN DE TÍTULO
Título Premio de ensayo Pedro Francisco Bonó /
Mención de responsabilidad, etc. José M. Fernández Pequeño, Jorge Ulloa Hung ... [et al.].
250 ## - MENCIÓN DE EDICIÓN
Mención de edición 2a. ed.
260 ## - PUBLICACIÓN, DISTRIBUCIÓN, ETC.
Lugar de publicación, distribución, etc. Santo Domingo :
Nombre del editor, distribuidor, etc. FUNGLODE,
Fecha de publicación, distribución, etc. 2009.
300 ## - DESCRIPCIÓN FÍSICA
Extensión 356 p. ;
Dimensiones 27 cm.
490 1# - MENCIÓN DE SERIE
Mención de serie Premios FUNGLODE /GFDD 2008
-- Ensayo
500 ## - NOTA GENERAL
Nota general Incluye notas al pie de las páginas
505 0# - NOTA DE CONTENIDO CON FORMATO
Información miscelánea Primer lugar --
Título Distantes y distintos/
Mención de responsabilidad José M. Fernández Pequeño
Información miscelánea Segundo lugar
Título Saconcho dominicano /
Mención de responsabilidad Jorge Ulloa Hung
Información miscelánea Primera mención -
Título Consolidación del Estado Constitucional de Derecho y sus consecuencias en la Administración de la justicia /
Mención de responsabilidad Jorge Antonio López Hilario
Información miscelánea Segunda mención --
Título Apuntes para una revalorización del pensamiento político y visión de la sociedad dominicana --
Información miscelánea Tercera mención --
Título Pensar a contracorriente en el final del unilateralismo /
Mención de responsabilidad Félix Díaz Tejada
590 ## - NOTA LOCAL (RLIN)
Nota local Inventariado, 2020/VM
650 #0 - PUNTO DE ACCESO ADICIONAL DE MATERIA--TÉRMINO DE MATERIA
Término de materia o nombre geográfico como elemento de entrada Ensayos dominicanos
9 (RLIN) 65
650 #0 - PUNTO DE ACCESO ADICIONAL DE MATERIA--TÉRMINO DE MATERIA
Término de materia o nombre geográfico como elemento de entrada Literatura dominicana.
9 (RLIN) 67
650 #4 - PUNTO DE ACCESO ADICIONAL DE MATERIA--TÉRMINO DE MATERIA
Término de materia o nombre geográfico como elemento de entrada Certámenes literarios
9 (RLIN) 1541
650 #0 - PUNTO DE ACCESO ADICIONAL DE MATERIA--TÉRMINO DE MATERIA
Término de materia o nombre geográfico como elemento de entrada Premios literarios
9 (RLIN) 1542
700 1# - PUNTO DE ACCESO ADICIONAL--NOMBRE DE PERSONA
Nombre de persona Fernández Pequeño, José M.
Título de la obra Distante y distintos
9 (RLIN) 71273
700 1# - PUNTO DE ACCESO ADICIONAL--NOMBRE DE PERSONA
Nombre de persona Ulloa Hung, Jorge
Título de la obra Sancocho dominicano
9 (RLIN) 71274
710 2# - PUNTO DE ACCESO ADICIONAL--NOMBRE DE ENTIDAD CORPORATIVA
Nombre de entidad corporativa o nombre de jurisdicción como elemento de entrada Fundación Global Democracía y Desarrollo
9 (RLIN) 25477
830 #0 - PUNTO DE ACCESO ADICIONAL DE SERIE-TÍTULO UNIFORME
Título uniforme Premios FUNGLODE / GFDD 2008
Nombre de parte o sección de la obra Ensayo
9 (RLIN) 71275
910 ## - DATOS DE OPCIÓN DEL USUARIO (OCLC)
Datos de opción del usuario Validado. Control de calidad MFF
942 ## - ELEMENTOS DE PUNTO DE ACCESO ADICIONAL (KOHA)
Fuente del sistema de clasificación o colocación Dewey Decimal Classification
Tipo de ítem Koha Libros y folletos
Holdings
Estado de retiro Estado de pérdida Fuente del sistema de clasificación o colocación Restricciones de uso No para préstamo Código de colección Localización permanente Ubicación/localización actual Ubicación en estantería Fecha de adquisición Número de inventario Total de préstamos Signatura topográfica completa Código de barras Fecha visto por última vez Número de copia Precio válido a partir de Tipo de ítem Koha
    Dewey Decimal Classification Préstamo interno   Dominicana de Servicio Biblioteca Nacional Pedro Henríquez Ureña General Depósito 24.03.2014 LF1   BNPHU DS RD864.44 P925p 2008 43526-30 25.06.2020 v.2, e.3 25.06.2020 Libro y Folleto Colección Dominicana de Servicio
    Dewey Decimal Classification Excluido de préstamo Préstamo restrigido Patrimonio Dominicano Biblioteca Nacional Pedro Henríquez Ureña Patrimonio Dominicano Depósito 24.03.2014 LF1   BNPHU PD RD864.44 P925p 2008 43526-10 25.06.2020 v.2 25.06.2020 Libro y Folleto Colección Patrimonio Dominicano
    Dewey Decimal Classification Excluido de préstamo Préstamo restrigido Patrimonio Dominicano Biblioteca Nacional Pedro Henríquez Ureña Patrimonio Dominicano Depósito 24.03.2014 LF1   BNPHU PD RD864.44 P925p 2008 43526-20 25.06.2020 v.2, e.2 25.06.2020 Libro y Folleto Colección Patrimonio Dominicano

Powered by Koha